000
00244nam a2200097Ia 4500
001
709035
005
20250826162539.0
008
250824s9999 xx 000 0 und d
245
0
_a
ALİŞİN KABAKLARI
_c
AYLA ÇINAROĞLU
260
_b
TUDEM YAYINLARI
999
_c
709035
_d
709035